00822nam a2200217Ia 4500008004100000020001800041040000800059082001600067100003400083245008400117260003300201300001800234337001000252338001400262500011900276505009600395650002000491650002700511650004700538650001900585120622t20022012mx a f 000 0 spa d a968-24-5857-9 eRDA a614.1 G984m10aGUTIÉRREZ Chávez, Ángel10aManual de ciencias forenses y criminalísticac / Ángel Gutiérrez Chávez aMéxico b : Trillasc,1999 a154 páginas atexto asin medio aIncluye: Sección a color, bibliografía e índices Educación mixta Licenciatura en Criminalistica 14 005137 aLas ciencias forenses y la criminalística Medicina forense Proyectos en el área forense10aMEDICINA LEGAL 20aINVESTIGACION CRIMINAL30aDELITOS Y DELINCUENTES - IDENTIFICACIONÌ40aCRIMINALISTICA